00855cam a2200241 a 4500999001500000001000500015003000900020005001700029008004100046020001500087020001800102040003800120082002000158100002600178245008300204260004200287300004100329504005100370600003400421650002800455942001200483952011800495 c2733d27332934BD-DhUAP20210130140104.0011213s1995 bg abf b f000 0 eng  a3764362324 a9783764362324 aBD-DhUAPcBD-DhUAPdBD-DhUAPbEng00a720.922 GER223 aGerkan, Meinhard von. aVon Gerkan, Marg und Partner :barchitecture 1995-1999 /cMeinhard von Gerkan. aBoston, Mass. : bBirkhauser,cc1998. a351 pages :billustrations ;c30 cm. aIncludes bibliographical references and index. aVon Gerkan, Marg and Partners aArchitects -- Germany.  2ddccBK 00102ddc4070aUAPCLbUAPCLcGeneral Stacksd2020-02-27o720.922 GERp3010002934r2020-02-27t1w2020-02-27yBK